| 000 | 00522nam a22001817a 4500 | ||
|---|---|---|---|
| 003 | CEME | ||
| 005 | 20210628203533.0 | ||
| 008 | 210120b xxu||||| |||| 00| 0 eng d | ||
| 020 | _a9788131719503 | ||
| 040 | _c. | ||
| 082 | _a658.4012 BAR | ||
| 100 |
_aBarney, Jay.B, Hesterly, William.S _966094 |
||
| 245 | _aStrategic management and competitive advantage, concepts and cases | ||
| 260 |
_aINDIA _bPEARSON EDUCATION ASIA _c2008 |
||
| 300 | _aXVI,368P | ||
| 650 |
_aSTRATEGIC MANAGEMENT. _959071 |
||
| 942 |
_cBK _2ddc |
||
| 999 |
_c574125 _d574125 |
||